| 000 | 00361nam a2200145Ia 4500 | ||
|---|---|---|---|
| 008 | 191201s2009 xx 000 0 und d | ||
| 082 |
_a658.84 _bBAB |
||
| 100 | _aBALLOU, Ronald | ||
| 245 | 0 | _aBusiness Logistics Supply Chain Management | |
| 250 | _aIMP 3rd | ||
| 260 |
_aN.Delhi _bPearson Education _c2009 |
||
| 300 | _a800 | ||
| 650 | _aMBA | ||
| 942 |
_2ddc _cBK |
||
| 999 |
_c4145 _d4145 |
||